000 01843cam a2200373Ia 4500
001 7410
003 BD-RjUL
005 20211208234417.0
008 14 s1964 pk o f000 0 eng d
035 _a(BD-RjUL)7453
040 _aOCLCE
_beng
_cOCLCE
_dOCLCQ
_dLLMC2
041 _aeng
082 _222
_a342.7309
_bCON 1963
245 1 0 _aConstitutional documents (Pakistan) /
_cGovernment of Pakistan.
260 _aKarachi :
_bManager of Publications,
_c1964.
300 _aV-1 (703 p ) ;
_c26 cm.
500 _aTitle from PDF t.p. (LLMC Digital, viewed on Nov. 16, 2010).
500 _aIncludes British, Indian, and Pakistani legislation.
505 0 _av. 1. 1600-1933 -- v. 2. Government of India Act, 1935, and other acts concerning to it -- v. 3. The Indian Independence Act, 1947. Constitution of 1956. The laws continuance in force order, 1958 -- v. 4A. Orders in council under the Govt. of India Act, 1935 -- v. 4B. Orders and proclamations, etc. -- v. 5. Constitution 1962 and President's Orders.
506 _aOnline access limited to Boston University community.
506 _3Use copy
_fRestrictions unspecified
_2star
_5MiAaHDL.
650 0 _aConstitutional history
_zPakistan
_vSources.
_923164
650 0 _aConstitutional history
_zIndia
_vSources.
_914913
690 _aElectronic resources.
_97
710 1 _aPakistan.
_bLaw Division.
_99492
710 1 _aGreat Britain.
_923165
710 1 _aIndia.
_923166
710 1 _aPakistan.
_923167
776 0 8 _iPrint version:
_aPakistan. Law Division.
_tConstitutional documents, Pakistan.
_dKarachi, Manager of Publications, 1964-
_w(DLC)sa 65008228
_w(OCoLC)7857387.
830 0 _aLLMC-Digital (Series)
_924554
856 4 0 _uhttp://www.llmcdigital.org.ezproxy.bu.edu/default.aspx?redir=99741
_zOnline version via LLMC-Digital
942 _2ddc
_cBK
_01
999 _c7410
_d7410